[Event "ARG-ch (Women)"]
[Site "Buenos Aires"]
[Date "2015.09.10"]
[Round "7"]
[White "Altamiranda, Maria Elisa"]
[Black "Suito Nakasone, Catherine"]
[Result "0-1"]
[WhiteElo "1658"]
[BlackElo "1872"]
[PlyCount "92"]
[EventDate "2015.09.04"]
[EventType "swiss"]
[EventRounds "8"]
[EventCountry "ARG"]
[SourceTitle "EXT 2016"]
[Source "ChessBase"]
[SourceDate "2015.10.08"]
[SourceVersion "1"]
[SourceVersionDate "2015.10.08"]
[SourceQuality "1"]

1. e4 e5 2. Nf3 Nc6 3. Nc3 Bc5 4. Bc4 Nf6 5. 0-0 d6 6. Na4 Bb6 7. Nxb6 axb6 8. d4 Bg4 9. c3 Bxf3 10. gxf3 Nh5 11. d5 Ne7 12. f4 Nxf4 13. Bxf4 exf4 14. Qg4 Ng6 15. Bb5+ Kf8 16. f3 Qe7 17. Rf2 Rd8 18. Rg2 Qf6 19. Qg5 Qxg5 20. Rxg5 Ne5 21. Kf2 g6 22. Rgg1 Ke7 23. Be2 Rhf8 24. a4 Ra8 25. b4 f5 26. exf5 Rxf5 27. Rgc1 Rh5 28. Kg2 Nf7 29. c4 Re5 30. Kf1 Kf6 31. a5 bxa5 32. Rxa5 Rae8 33. Bd1 R8e7 34. Ra2 Re3 35. c5 Ne5 36. Kg2 Nd3 37. Rc4 Ke5 38. cxd6 Kxd6 39. Rd2 g5 40. Kh3 Ne5 41. Rcc2 h6 42. Kg2 Ng6 43. Rb2 Nh4+ 44. Kf2 Re1 45. Ba4 Rh1 46. Rd1 Rxh2+ 0-1

[Event "San Luis Province-ch"]
[Site "San Luis"]
[Date "2014.12.20"]
[Round "4.6"]
[White "Altamiranda, Maria Elisa"]
[Black "Lopez, Luis"]
[Result "0-1"]
[WhiteElo "1610"]
[BlackElo "1871"]
[PlyCount "66"]
[EventDate "2014.12.19"]
[EventType "swiss"]
[EventRounds "6"]
[EventCountry "ARG"]
[SourceTitle "EXT 2024"]
[Source "ChessBase"]
[SourceDate "2023.10.10"]
[SourceVersion "1"]
[SourceVersionDate "2023.10.10"]
[SourceQuality "1"]

1. e4 e6 2. d4 d5 3. e5 c5 4. c3 Nc6 5. Nf3 Qb6 6. a3 Nh6 7. Bxh6 Qxb2 8. Bc1 Qxa1 9. Bb5 Qxb1 10. a4 a6 11. Bxc6+ bxc6 12. 0-0 c4 13. Qe2 Qd3 14. Qb2 h6 15. Ne1 Qg6 16. Qb6 Bd7 17. Qb7 Rd8 18. Qxa6 Be7 19. Qb7 c5 20. a5 cxd4 21. cxd4 Qg4 22. Be3 Ba3 23. a6 Ke7 24. a7 f5 25. exf6+ gxf6 26. Nf3 Rhg8 27. Nd2 Bd6 28. Ra1 Ra8 29. Qb6 h5 30. Ra6 Bf4 31. Bxf4 Qxf4 32. Qc5+ Kf7 33. Rd6 Rxa7 0-1

[Event "South America-ch U18 Girls 11th"]
[Site "Montevideo"]
[Date "2014.09.10"]
[Round "4"]
[White "Altamiranda, Maria Elisa"]
[Black "Garcia Contreras, Ana"]
[Result "1/2-1/2"]
[WhiteElo "1594"]
[BlackElo "1952"]
[PlyCount "101"]
[EventDate "2014.09.08"]
[EventType "swiss"]
[EventRounds "9"]
[EventCountry "URU"]
[SourceTitle "EXT 2016"]
[Source "ChessBase"]
[SourceDate "2015.10.08"]
[SourceVersion "1"]
[SourceVersionDate "2015.10.08"]
[SourceQuality "1"]

1. e4 e6 2. d3 d5 3. Nd2 Nf6 4. g3 dxe4 5. Nxe4 Nxe4 6. dxe4 Qxd1+ 7. Kxd1 e5 8. Be3 Nc6 9. c3 Bg4+ 10. f3 0-0-0+ 11. Kc2 Be6 12. Bh3 Bxh3 13. Nxh3 Bd6 14. Ng5 Rd7 15. Rad1 h6 16. Nh3 Na5 17. b3 Nc6 18. Nf2 Rg8 19. Rhf1 f6 20. h3 Rf7 21. g4 Rh8 22. Nh1 h5 23. Ng3 hxg4 24. hxg4 Rh3 25. Nf5 Bf8 26. Rh1 Rxf3 27. Kd2 g6 28. Ke2 gxf5 29. Kxf3 f4 30. Bf2 Nd8 31. Rh8 Ne6 32. Bh4 b6 33. Rg1 Kb7 34. b4 c5 35. a3 cxb4 36. axb4 Ka6 37. g5 fxg5 38. Bxg5 Rc7 39. Bf6 Rxc3+ 40. Kg4 Bxb4 41. Bxe5 Re3 42. Ra1+ Kb5 43. Kf5 Nc5 44. Bxf4 Rxe4 45. Rxa7 Rd4 46. Be3 Rd5+ 47. Kg4 Re5 48. Bf4 Re4 49. Rh4 Kc4 50. Kf3 Re1 51. Be3+ 1/2-1/2

[Event "South America-ch U18 Girls 11th"]
[Site "Montevideo"]
[Date "2014.09.08"]
[Round "1"]
[White "Perez, Dalila"]
[Black "Altamiranda, Maria Elisa"]
[Result "1-0"]
[WhiteElo "1899"]
[BlackElo "1594"]
[PlyCount "169"]
[EventDate "2014.09.08"]
[EventType "swiss"]
[EventRounds "9"]
[EventCountry "URU"]
[SourceTitle "EXT 2016"]
[Source "ChessBase"]
[SourceDate "2015.10.08"]
[SourceVersion "1"]
[SourceVersionDate "2015.10.08"]
[SourceQuality "1"]

1. d4 g6 2. c4 d6 3. Nc3 Bg7 4. e4 Nf6 5. f4 0-0 6. Nf3 c5 7. d5 e6 8. Bd3 exd5 9. cxd5 Re8 10. 0-0 Bd7 11. h3 Nh5 12. Re1 Na6 13. a3 Bh6 14. Ne2 Qb6 15. Kh1 c4 16. Bc2 Nc5 17. e5 Nd3 18. Bxd3 cxd3 19. Qxd3 Bb5 20. Qd1 Bxe2 21. Rxe2 Ng3+ 22. Kh2 Nxe2 23. Qxe2 Bg7 24. Be3 Qa6 25. Qxa6 bxa6 26. Bd4 dxe5 27. fxe5 h6 28. d6 Red8 29. Rc1 Rd7 30. Rc6 Bf8 31. Rxa6 f6 32. exf6 Bxd6+ 33. Kg1 Bg3 34. f7+ Kxf7 35. Rf6+ Ke7 36. Rxg6 Bf4 37. Rg4 Bc7 38. Rh4 Kf7 39. Rxh6 Rxd4 40. Rh7+ Kg6 41. Rxc7 Rd1+ 42. Kf2 Rb1 43. Rb7 Rc8 44. b4 Rb2+ 45. Kg3 Rcc2 46. Nh4+ Kf6 47. Rxa7 Rb3+ 48. Nf3 Rbb2 49. Ra6+ Kg7 50. Nh4 Rc3+ 51. Kh2 Rc4 52. Nf5+ Kh7 53. Rh6+ Kg8 54. Rg6+ Kf8 55. Rg3 Rc1 56. Rf3 Ke8 57. h4 Rcc2 58. Rg3 Rf2 59. Ng7+ Kf7 60. Kh3 Rb1 61. Nh5 Rc2 62. Nf4 Rh1+ 63. Kg4 Rc4 64. Rf3 Kg8 65. Kg5 Re1 66. Ng6 Rc7 67. h5 Rh1 68. h6 Kh7 69. Rf8 Rh5+ 70. Kxh5 Rc5+ 71. Kg4 Rg5+ 72. Kf4 Rxg6 73. g4 Rxh6 74. b5 Rh1 75. Kg5 Rb1 76. a4 Rb4 77. Rf7+ Kg8 78. Rf4 Rb2 79. Kf6 Kf8 80. g5 Rc2 81. Rb4 Rf2+ 82. Kg6 Rd2 83. b6 Rd6+ 84. Kh5 Kg7 85. b7 1-0

[Event "ARG-ch (Women)"]
[Site "San Luis"]
[Date "2013.10.04"]
[Round "5"]
[White "Carraro, Denise"]
[Black "Altamiranda, Maria Elisa"]
[Result "1-0"]
[WhiteElo "2119"]
[BlackElo "1509"]
[PlyCount "67"]
[EventDate "2013.10.01"]
[EventType "swiss"]
[EventRounds "9"]
[EventCountry "ARG"]
[SourceTitle "CBM 157 Extra"]
[Source "ChessBase"]
[SourceDate "2013.12.19"]
[SourceVersion "1"]
[SourceVersionDate "2013.12.19"]
[SourceQuality "1"]

1. e4 d6 2. d4 Nf6 3. Nc3 g6 4. h3 Bg7 5. g4 c6 6. Bg2 Nbd7 7. a4 c5 8. Be3 cxd4 9. Bxd4 e5 10. Be3 Nb6 11. b3 Be6 12. Nb5 Nc8 13. c4 a6 14. Nc3 Ne7 15. Qd2 h6 16. Rd1 Qa5 17. Nge2 Rd8 18. 0-0 g5 19. Ng3 0-0 20. Nd5 Qxd2 21. Nxe7+ Kh7 22. Rxd2 b5 23. cxb5 axb5 24. axb5 Bxb3 25. Rb1 Bc4 26. b6 Rd7 27. Nc6 Ba6 28. Na5 Rb8 29. Bf1 Bxf1 30. Kxf1 d5 31. Nc6 Rbb7 32. Nxe5 Re7 33. Nc4 Re6 34. Na5 1-0